<?xml version="1.0" encoding="UTF-8"?>
<record
    xmlns:xsi="http://www.w3.org/2001/XMLSchema-instance"
    xsi:schemaLocation="http://www.loc.gov/MARC21/slim http://www.loc.gov/standards/marcxml/schema/MARC21slim.xsd"
    xmlns="http://www.loc.gov/MARC21/slim">

  <leader>01254nam a22001457a 4500</leader>
  <controlfield tag="005">20120125113956.0</controlfield>
  <datafield tag="020" ind1=" " ind2=" ">
    <subfield code="a">97881905101111</subfield>
    <subfield code="c">395.00</subfield>
  </datafield>
  <datafield tag="100" ind1=" " ind2=" ">
    <subfield code="a">&#x928;&#x93F;&#x936;&#x93E;&#x902;&#x924; &#x938;&#x93F;&#x902;&#x939;</subfield>
    <subfield code="9">40132</subfield>
  </datafield>
  <datafield tag="245" ind1=" " ind2=" ">
    <subfield code="a">&#x930;&#x94B;&#x939;&#x93F;&#x924; &#x91C;&#x94D;&#x91E;&#x93E;&#x928;-&#x935;&#x93F;&#x91C;&#x94D;&#x91E;&#x93E;&#x928; &#x90F;&#x928;&#x94D;&#x938;&#x93E;&#x907;&#x915;&#x94D;&#x932;&#x94B;&#x92A;&#x940;&#x921;&#x93F;&#x92F;&#x93E;;</subfield>
    <subfield code="b">&#x915;&#x940;&#x91F; &#x92A;&#x924;&#x902;&#x917;&#x94B;&#x902; &#x915;&#x93E; &#x91C;&#x940;&#x935;&#x928;/</subfield>
    <subfield code="c">&#x928;&#x93F;&#x936;&#x93E;&#x902;&#x924; &#x938;&#x93F;&#x902;&#x939;; &#x92E;&#x927;&#x941;&#x938;&#x942;&#x926;&#x928; &#x924;&#x94D;&#x930;&#x93F;&#x92A;&#x93E;&#x920;&#x940; &#x926;&#x94D;&#x935;&#x93E;&#x930;&#x93E; &#x938;&#x939;&#x92F;&#x94B;&#x917;, &#x936;&#x94D;&#x92F;&#x93E;&#x92E; &#x91C;&#x917;&#x94B;&#x924;&#x93E; &#x926;&#x94D;&#x935;&#x93E;&#x930;&#x93E; &#x91A;&#x93F;&#x924;&#x94D;&#x930;&#x93F;&#x924;</subfield>
  </datafield>
  <datafield tag="260" ind1=" " ind2=" ">
    <subfield code="a">&#x926;&#x93F;&#x932;&#x94D;&#x932;&#x940;</subfield>
    <subfield code="b">&#x930;&#x94B;&#x939;&#x93F;&#x924; &#x92A;&#x92C;&#x94D;&#x932;&#x93F;&#x936;&#x93F;&#x902;&#x917; &#x939;&#x93E;&#x909;&#x938;</subfield>
    <subfield code="c">2011</subfield>
  </datafield>
  <datafield tag="270" ind1=" " ind2=" ">
    <subfield code="a">518/6 &#x92C;&#x940;, &#x915;&#x921;&#x93C;&#x915;&#x921;&#x93C;&#x940; &#x930;&#x94B;&#x921;, &#x935;&#x93F;&#x936;&#x94D;&#x935;&#x93E;&#x938; &#x928;&#x917;&#x930; </subfield>
    <subfield code="b">&#x926;&#x93F;&#x932;&#x94D;&#x932;&#x940;</subfield>
    <subfield code="e">110032</subfield>
  </datafield>
  <datafield tag="300" ind1=" " ind2=" ">
    <subfield code="a">144 &#x92A;&#x943;.</subfield>
    <subfield code="b">&#x938;&#x91A;&#x93F;&#x924;&#x94D;&#x930;</subfield>
    <subfield code="c">24 &#x938;&#x947;&#x92E;&#x940; (&#x938;&#x91C;&#x93F;&#x932;&#x94D;&#x926;)</subfield>
  </datafield>
  <datafield tag="490" ind1=" " ind2=" ">
    <subfield code="a">&#x935;&#x93F;&#x91C;&#x94D;&#x91E;&#x93E;&#x928; &#x935;&#x93F;&#x937;&#x92F;&#x94B;&#x902; &#x92A;&#x930; &#x909;&#x924;&#x94D;&#x915;&#x943;&#x937;&#x94D;&#x91F; &#x932;&#x947;&#x916;&#x928; &#x915;&#x947; &#x932;&#x93F;&#x947;&#x90F; &#x92D;&#x93E;&#x930;&#x924; &#x932;&#x930;&#x915;&#x93E;&#x930; &#x926;&#x94D;&#x935;&#x93E;&#x930;&#x93E; "&#x92E;&#x939;&#x93E;&#x938;&#x93E;&#x917;&#x930; &#x930;&#x93E;&#x937;&#x94D;&#x91F;&#x94D;&#x930;&#x940;&#x92F; &#x92A;&#x941;&#x930;&#x938;&#x94D;&#x915;&#x93E;&#x930;"  l &#x938;&#x947; &#x938;&#x92E;&#x94D;&#x92E;&#x93E;&#x928;&#x93F;&#x924; &#x938;&#x93E;&#x939;&#x93F;&#x924;&#x94D;&#x92F;&#x915;&#x93E;&#x930; &#x921;&#x945;&#x93E; &#x928;&#x93F;&#x936;&#x93E;&#x902;&#x924; &#x938;&#x93F;&#x902;&#x939;</subfield>
    <subfield code="9">40133</subfield>
  </datafield>
  <datafield tag="942" ind1=" " ind2=" ">
    <subfield code="2">ddc</subfield>
    <subfield code="c">CH</subfield>
    <subfield code="m">&#x928;&#x93F;&#x936;&#x93E;&#x902;&#x924;</subfield>
  </datafield>
  <datafield tag="999" ind1=" " ind2=" ">
    <subfield code="c">61476</subfield>
    <subfield code="d">61476</subfield>
  </datafield>
</record>
